000 00653nam a2200253Ia 4500
003 OSt
005 20220912151544.0
006 a|||||r|||| 00| 0
007 ta
008 220909b |||||||| |||| 00| 0 eng d
024 _a62795
037 _cTextual
040 _aCSL
_beng
_cCSL
041 _aeng
082 _aB316, K1;1
100 _aHocking John G
245 0 _aTopology
260 _aMassachusetts
_bAddison-wesley publishing company inc
_c1961
300 _a374p.
_ccm.
650 _aTopology
700 _a Young Gail S
942 _hB316, K1;1
_cTEXL
_2CC
999 _c71223
_d71223